000 01178nam a22003377a 4500
003 CHAP
005 20250926062751.0
008 971013s1977 r 00010 d
010 _a72804
011 _a73776
035 _a83334
040 _cCHAP
090 _aTesis
100 0 0 _aAlanís Hinojosa, Osvaldo.
_93329
245 _aPrueba de adaptación y rendimiento de 4 variedades de Ray Grass (Lolium multiflorum) en la región de General Escobedo, N.L.
260 _aMonterrey, N.L. :
_bEl autor,
_c1977
300 _a54 h.
502 _aTesis (Ing. Agr. Zootecnista) -- Univ. Autónoma de Nuevo León. Fac. de Agronomía
590 _aALEPH
_b10
_c20130110
_lUCH01
_h1414
590 _aBATCH-UPD
_b10
_c20130110
_lUCH01
_h0805
590 _aBATCH-UPD
_b10
_c20130410
_lUCH01
_h0443
590 _aBATCH-UPD
_b10
_c20130913
_lUCH01
_h2343
590 _aCONVERSION
_b10
_c20130109
_lUCH01
_h1340
650 1 4 _aLolium multiflorum.
_967504
650 1 7 _aPastos forrajeros
_xRendimiento
_2
_986118
650 1 4 _aPastos
_xEfecto del medio ambiente.
_986022
650 1 4 _aPastos
_xNuevo León.
_986064
901 _aBK
942 _cTESIS
949 _bBC
_cTES
_d-37853
_eTS1
_i83334
_si
999 _c72804
_d72804